| 000 | 00918nam a2200265 i 4500 | ||
|---|---|---|---|
| 001 | bg | ||
| 245 | 0 | 0 |
_aStudent - nauczyciel akademicki : _b(relacje interpersonalne) : praca zbiorowa / _cpod red. Edwarda Radeckiego. |
| 260 |
_aSzczecin : _b"PoNaD", _c1998. |
||
| 300 |
_a208, [1] s. : _bwykr. ; _c24 cm. |
||
| 490 | 1 |
_aMonogroafie Ogólnopolskiego Seminarium Pedagogiki Szkoły Wyższej ; _vT.1 |
|
| 504 | _aBibliogr. przy ref. | ||
| 650 | 9 |
_aStudenci _xsocjologia |
|
| 650 | 9 |
_aNauczyciele _xsocjologia |
|
| 650 | 9 |
_aSzkolnictwo wyższe _xsocjologia |
|
| 655 | _aMateriały konferencyjne | ||
| 700 | 1 |
_aRADECKI, Edward. _ers |
|
| 830 | _aMonogroafie Ogólnopolskiego Seminarium Pedagogiki Szkoły Wyższej ; | ||
| 020 | _a8386627859 | ||
| 040 | _cBPK | ||
| 041 | 0 | _apl | |
| 080 | _a378.011.32:378.12]:316.47(061) | ||
| 920 | _a83-86627-85-9 | ||
| 942 | _cKS | ||
| 008 | s pl f |000 0 pol | ||
| 999 |
_c34739 _d34739 |
||
| 856 |
_uhttp://koha.tu.koszalin.pl/cgi-bin/koha/opac-detail.pl?biblionumber=34739 _yKatalog online BPK |
||